000 01339nam a22002897i 4500
999 _c23099
_d23099
003 AR-CdUCM
008 241028b20192019 pe||||| |||| 00| 0 spa d
020 _a978-612-4121-30-2
040 _aMUNICIPALIDAD PROVINCIAL DEL CUSCO
_cBIBLIOTECA MUNICIPAL DEL CUSCO
041 _hspa
082 _a985.019 / C23
_bC23
100 _aCalero Flores, Jorge A.
_950733
245 _aSicuani y el Sur Andino :
_bLas primeras sociedades con alfarería /
260 _aCusco :
_bCentro Bartolomé de las Casas.
_c2019
300 _a205 páginas. :
_c24 cm.
500 _zBibliografía : páginas 201-205
505 _aResultados de exploración, prospección y excavación arqueológica -- Análisis estratigráfico de la secuencia cronológica y las fases de la ocupación humana de Sicuani -- Fases, Alfarería, pastas, morfología, decoración -- Material, Etnozooarqueológico, Áurico, Paleoetnobotánico y Alcalinidad de suelos -- Tecnología y algunos aspectos de organización de la producción alfarera de Chumo-Sicuani.
650 _aExploración
_93569
650 _aArqueología
_9371
650 _aPoblación
_93673
650 _aAlfarería
_950734
650 _aOcupación humana
_950735
650 _aLítico
_950736
700 _aFernández Palomino, Mildred
_950737
942 _2ddc
_cLIBROS
945 _apbj
_d28-10-2024